000
00303nam a2200133Ia 4500
100
_a
Levinson/l
942
_c
BK
654
_a
Mechanics
245
_a
Fundamentals of Engineering Mechanics
260
_b
Foreign Language Publication
_a
Moscow
082
_a
620.1
300
_a
331
546
_a
ENGLISH
999
_c
26783
_d
26783